[Event "Arapiraca Lopez Memorial 1st"]
[Site "Arapiraca"]
[Date "2016.??.??"]
[Round "6"]
[White "Barbosa, Gabriel Henrique De"]
[Black "Da Silva, Darlla Vicente"]
[Result "1-0"]
[WhiteElo "1800"]
[BlackElo "1800"]
[PlyCount "85"]
[EventDate "2016.07.16"]
[EventType "swiss"]
[EventRounds "6"]
[EventCountry "BRA"]
[SourceTitle "EXT 2017"]
[Source "ChessBase"]
[SourceDate "2016.10.25"]
[SourceVersion "1"]
[SourceVersionDate "2016.10.25"]
[SourceQuality "1"]

1. e4 e5 2. Nf3 g6 3. Bc4 c6 4. Ng5 Qxg5 5. d4 Qxg2 6. Rf1 c5 7. Nc3 exd4 8. Nd5 Bd6 9. f4 Qxh2 10. e5 Qh4+ 11. Rf2 Qh1+ 12. Bf1 Qxd5 13. exd6 Qxd6 14. c3 Nf6 15. Be3 Ng4 16. Rf3 dxe3 17. Qxd6 Nh2 18. Rxe3+ Kd8 19. Qf6+ Kc7 20. Qxh8 Nc6 21. Qxh7 Ng4 22. Re4 Nf6 23. Qxf7 Nxe4 24. Bg2 Nd8 25. Qe7 Nd6 26. 0-0-0 N8f7 27. Bd5 Nd8 28. Be6 Nc6 29. Qxd6+ Kb6 30. Bxd7 Bxd7 31. Qxd7 Rd8 32. Qe6 Rxd1+ 33. Kxd1 a5 34. Qxg6 Kb5 35. f5 Ne5 36. Qe8+ Nc6 37. f6 c4 38. f7 a4 39. f8Q b6 40. Qf5+ Ka6 41. Qxc6 Ka7 42. Qfb5 Kb8 43. Qbxb6# 1-0

[Event "Arapiraca Lopez Memorial 1st"]
[Site "Arapiraca"]
[Date "2016.??.??"]
[Round "2"]
[White "Lima, Richardson de Franc"]
[Black "Da Silva, Darlla Vicente"]
[Result "1-0"]
[WhiteElo "1941"]
[BlackElo "1800"]
[PlyCount "49"]
[EventDate "2016.07.16"]
[EventType "swiss"]
[EventRounds "6"]
[EventCountry "BRA"]
[SourceTitle "EXT 2017"]
[Source "ChessBase"]
[SourceDate "2016.10.25"]
[SourceVersion "1"]
[SourceVersionDate "2016.10.25"]
[SourceQuality "1"]

1. e4 e6 2. Nf3 Nc6 3. Nc3 g6 4. d4 Bg7 5. Bc4 b6 6. 0-0 Nge7 7. Bf4 0-0 8. Nb5 d6 9. Qd2 a6 10. Nc3 Na5 11. Bd3 Bb7 12. Rad1 d5 13. exd5 exd5 14. Rfe1 Re8 15. b3 Nec6 16. Rxe8+ Qxe8 17. Nxd5 Nxd4 18. Nxc7 Qc8 19. Nxd4 Bxd4 20. Nxa8 Qc6 21. Bf1 Bxa8 22. Qxd4 Nb7 23. Bh6 f6 24. Qd7 Nc5 25. Qg7# 1-0